000 00420pab a2200169 454500
008 180718b2012 xxu||||| |||| 00| 0 eng d
100 _aTyagi, R.C.
245 _aGrowth and marketing of sugarcane in Uttar Pradesh
260 _c2012
300 _ap.35-50.
362 _aDec
650 _aSugarcane - India - Uttar Pradesh
650 _aSugarcane
773 _aMan and Development
908 _aN
909 _a98637
999 _c98636
_d98636